[Event "Sunway Sitges Online Open"]
[Site "chess.com INT"]
[Date "2020.04.21"]
[Round "3.4"]
[White "Nasuta, Grzegorz"]
[Black "Baskin, Robert"]
[Result "1-0"]
[WhiteTitle "GM"]
[BlackTitle "IM"]
[WhiteElo "2558"]
[BlackElo "2390"]
[WhiteFideId "1141686"]
[BlackFideId "24662402"]
[EventDate "2020.04.19"]

1. e4 c5 2. Nf3 e6 3. d4 cxd4 4. Nxd4 Nc6 5. Nc3 Qc7 6. a3 a6 7. Be3 b5 8. Nxc6
Qxc6 9. Be2 Bc5 10. Bd4 Ne7 11. Bxg7 Rg8 12. Bd4 Rxg2 13. Bf3 Bxd4 14. Qxd4 Rg8
15. O-O-O Bb7 16. Rd3 Qc7 17. Rhd1 O-O-O 18. Nd5 exd5 19. exd5 Nc6 20. dxc6 Bxc6
21. Qf6 Rg6 22. Qxf7 Bxf3 23. Rxf3 Qxh2 24. Rc3+ Kb8 25. Qe7 Rgg8 26. Kb1 Qh6
27. Rd6 Qh1+ 28. Ka2 Qb7 29. Qe5 Rge8 30. Qd4 Re4 31. Qf6 1-0

[Event "Sunway Sitges Online Open"]
[Site "chess.com INT"]
[Date "2020.04.21"]
[Round "3.6"]
[White "Kakabayev, Mergen"]
[Black "Moroni, Luca Jr"]
[Result "1/2-1/2"]
[WhiteTitle "FM"]
[BlackTitle "GM"]
[WhiteElo "2285"]
[BlackElo "2530"]
[WhiteFideId "14002990"]
[BlackFideId "865834"]
[EventDate "2020.04.19"]

1. e4 e5 2. Nf3 Nc6 3. Bb5 a6 4. Ba4 Nf6 5. O-O b5 6. Bb3 Bc5 7. Nxe5 Nxe5 8. d4
Bxd4 9. Qxd4 d6 10. f4 Nc6 11. Qd3 O-O 12. Nc3 Bb7 13. Nd5 Re8 14. Nxf6+ Qxf6
15. e5 Qe7 16. exd6 Qxd6 17. Qxd6 cxd6 18. Bd2 Nd4 19. Rfe1 a5 20. c3 Nxb3 21.
axb3 h5 22. Rxe8+ Rxe8 23. Kf2 Ra8 24. Be3 Ra6 25. Bd4 Be4 26. g3 d5 27. Bc5 Bc2
28. Bb4 a4 29. bxa4 bxa4 30. h4 Kh7 31. Re1 f6 32. Re7 Ra8 33. Ke3 Rc8 34. Ba3
Kg6 35. Kd4 Bb3 36. Ke3 Rg8 37. Kd4 Kf5 38. Rf7 Kg4 39. Rf8 Rxf8 40. Bxf8 Kxg3
41. Bxg7 Kxh4 42. Bxf6+ Kg4 43. Be5 h4 44. Ke3 h3 45. Kf2 Bc2 46. Kg1 Bf5 47.
Kh2 Kf3 48. Bb8 Ke4 49. Bc7 Kd3 50. Bd6 Kd2 51. Be7 Kc2 52. Ba3 Kd3 53. Bd6 Kd2
54. Be7 Ke3 55. Bd6 Ke4 56. Bc7 Ke3 57. Bb8 Kd2 58. Bd6 Kd3 59. Be7 Kc2 60. Ba3
Kb3 61. Kg3 Kc2 62. Kh2 1/2-1/2

[Event "Sunway Sitges Online Open"]
[Site "chess.com INT"]
[Date "2020.04.21"]
[Round "3.7"]
[White "Koelle, Tobias"]
[Black "Salinas Herrera, Pablo"]
[Result "0-1"]
[WhiteTitle "FM"]
[BlackTitle "GM"]
[WhiteElo "2275"]
[BlackElo "2514"]
[WhiteFideId "16207378"]
[BlackFideId "3407128"]
[EventDate "2020.04.19"]

1. d4 d5 2. c4 e6 3. Nc3 Nf6 4. cxd5 exd5 5. Bg5 c6 6. e3 h6 7. Bh4 Bd6 8. Bd3
O-O 9. Nf3 Re8 10. h3 g5 11. Bg3 Bxg3 12. fxg3 Rxe3+ 13. Kf2 Re7 14. Qc2 Nbd7
15. Rae1 Nf8 16. Rxe7 Qxe7 17. Re1 Be6 18. Nd1 Re8 19. Kg1 Qc7 20. Qf2 Qd8 21.
Ne5 N6d7 22. Kh2 Nxe5 23. Rxe5 Nd7 24. Re1 Nf6 25. Ne3 Kg7 26. Rf1 Qe7 27. Bf5
Ne4 28. Qe1 Nd6 29. Bxe6 Qxe6 30. Qf2 Qxe3 31. Qf6+ Kg8 32. Qxd6 Qe6 33. Qc7 Qe7
34. Qa5 b6 35. Qc3 Qd6 36. Qf3 Re7 37. Qh5 Kg7 38. a3 f6 39. h4 Re4 40. hxg5
hxg5 41. Qf3 Rxd4 42. b4 Qe5 43. Rd1 Re4 44. b5 c5 45. a4 c4 46. a5 c3 47. axb6
axb6 48. Ra1 Rh4+ 49. Kg1 Qd4+ 50. Qf2 Rh1+ 51. Kxh1 Qxf2 52. Ra7+ Kg6 0-1

[Event "Sunway Sitges Online Open"]
[Site "chess.com INT"]
[Date "2020.04.21"]
[Round "3.8"]
[White "Vrolijk, Liam"]
[Black "Kopylov, Daniel"]
[Result "1-0"]
[WhiteTitle "IM"]
[WhiteElo "2502"]
[BlackElo "2348"]
[WhiteFideId "1048333"]
[BlackFideId "12921971"]
[EventDate "2020.04.19"]

1. d4 Nf6 2. Bg5 g6 3. Bxf6 exf6 4. e3 Bg7 5. c4 O-O 6. Nc3 f5 7. Nge2 d6 8. g3
Nd7 9. Bg2 Nf6 10. O-O h5 11. b4 h4 12. b5 Re8 13. Qd3 Bh6 14. Rfe1 Qe7 15. a4
Rb8 16. Nd5 Nxd5 17. Bxd5 Bd7 18. a5 c6 19. Bg2 a6 20. Nc3 f4 21. gxf4 Bxf4 22.
Qe4 Bg5 23. Qxe7 Bxe7 24. bxa6 bxa6 25. Reb1 h3 26. Bf3 c5 27. Nd5 Rxb1+ 28.
Rxb1 Bd8 29. dxc5 dxc5 30. Rb7 Bf5 31. Ra7 Bd3 32. Nb6 Bh4 33. Ra8 Rxa8 34. Bxa8
Bf6 35. Nd7 Bc3 36. Bd5 Bb4 37. Ne5 Be2 38. Bxf7+ Kg7 39. Bxg6 Bxa5 40. Bc2 Bc3
41. Nd3 Bxd3 42. Bxd3 a5 43. Bc2 Bf6 44. f4 Bh4 45. Kf1 Kf6 46. Ke2 Ke6 47. Kf3
Kf6 48. e4 Be1 49. Ba4 Ke6 50. e5 Ke7 51. Bc6 Bc3 52. Ke4 Bd4 53. f5 a4 54. Bxa4
Bg1 55. Bd1 Bxh2 56. Bg4 1-0

[Event "Sunway Sitges Online Open"]
[Site "chess.com INT"]
[Date "2020.04.21"]
[Round "3.9"]
[White "Raahul, V S"]
[Black "Caspi, Israel"]
[Result "1-0"]
[BlackTitle "IM"]
[WhiteElo "2259"]
[BlackElo "2489"]
[WhiteFideId "25035525"]
[BlackFideId "2807394"]
[EventDate "2020.04.19"]

1. c4 e6 2. g3 Nf6 3. Bg2 d5 4. Nf3 Be7 5. O-O O-O 6. b3 d4 7. e3 c5 8. Bb2 Nc6
9. exd4 cxd4 10. Re1 Re8 11. a3 a5 12. Ne5 Nxe5 13. Rxe5 Nd7 14. Rb5 Nc5 15. b4
Nd3 16. Qb3 Nxb2 17. Qxb2 d3 18. Nc3 Bf6 19. Rc1 axb4 20. axb4 Ra7 21. c5 Qd4
22. Rb6 Qc4 23. Qb1 Ra3 24. Nb5 Rb3 25. Rxc4 Rxb1+ 26. Bf1 e5 27. Kg2 Be6 28.
Bxd3 Rb3 29. Rxe6 fxe6 30. Be4 Rb8 31. Bxb7 Rxb7 32. c6 Rb8 33. c7 Ra8 34. Nd6
Kf8 35. b5 Bd8 36. Ra4 Bxc7 37. Rxa8+ Ke7 38. Ne8 Bb6 39. Nxg7 Rb2 40. Rb8 Bd4
41. Rb7+ Kf6 42. Ne8+ Kg6 43. Rg7+ Kh6 44. Rf7 Rxd2 45. Rf6+ Kh5 46. h4 Kg4 47.
Ng7 Rb2 48. Nxe6 Rxb5 49. f3+ Kh5 50. Ng7# 1-0

[Event "Sunway Sitges Online Open"]
[Site "chess.com INT"]
[Date "2020.04.21"]
[Round "3.10"]
[White "Quintiliano Pinto, Renato R."]
[Black "Randazzo, Adrian"]
[Result "1-0"]
[WhiteTitle "IM"]
[BlackTitle "FM"]
[WhiteElo "2469"]
[BlackElo "2293"]
[WhiteFideId "2117568"]
[BlackFideId "114251"]
[EventDate "2020.04.19"]

1. e4 c5 2. Nf3 d6 3. d4 cxd4 4. Nxd4 Nf6 5. Nc3 a6 6. Bd3 g6 7. f3 Nc6 8. Be3
Bg7 9. Qd2 Nxd4 10. Bxd4 O-O 11. O-O-O Be6 12. Kb1 b5 13. h4 Qc7 14. h5 Rfc8 15.
hxg6 fxg6 16. Nd5 Bxd5 17. exd5 Qd7 18. Rde1 Rf8 19. Qg5 Rf7 20. f4 Qb7 21. f5
Qxd5 22. Bxf6 Bxf6 23. Qg3 Raf8 24. fxg6 hxg6 25. Bxg6 Rg7 26. Qh3 Rgf7 27. Bh7+ 1-0

[Event "Sunway Sitges Online Open"]
[Site "chess.com INT"]
[Date "2020.04.21"]
[Round "3.11"]
[White "Koellner, Aaron Noah"]
[Black "Sattarov, Bobir"]
[Result "1/2-1/2"]
[WhiteElo "2257"]
[BlackElo "2459"]
[WhiteFideId "12993085"]
[BlackFideId "14203081"]
[EventDate "2020.04.19"]

1. d4 Nf6 2. Bg5 Ne4 3. Bf4 d5 4. e3 c5 5. Bd3 Nf6 6. c3 Qb6 7. Qb3 c4 8. Qxb6
axb6 9. Bc2 Nc6 10. Nf3 Bg4 11. Nbd2 b5 12. Ne5 Nxe5 13. Bxe5 e6 14. O-O Nd7 15.
Bg3 Bh5 16. e4 Bg6 17. f4 dxe4 18. Bxe4 Bxe4 19. Nxe4 g6 20. Bh4 Be7 21. Bxe7
Kxe7 22. a3 Nb6 23. Rae1 Nd5 24. g3 h6 25. Rf2 b6 26. Nd2 Kf6 27. Ne4+ Ke7 28.
Nd2 Kf6 29. Ne4+ Kg7 30. Nd2 Rhe8 31. Kg2 Kf6 32. Nf3 Rac8 33. Nd2 Rc7 34. Re5
Rd8 35. Rfe2 Rc6 36. Nf1 Kg7 1/2-1/2

[Event "Sunway Sitges Online Open"]
[Site "chess.com INT"]
[Date "2020.04.22"]
[Round "4.1"]
[White "Bachmann, Axel"]
[Black "Das, Sayantan"]
[Result "1-0"]
[WhiteTitle "GM"]
[BlackTitle "IM"]
[WhiteElo "2599"]
[BlackElo "2431"]
[WhiteFideId "3700488"]
[BlackFideId "5034426"]
[EventDate "2020.04.19"]

1. c4 Nf6 2. Nc3 g6 3. g3 Bg7 4. Bg2 O-O 5. e4 d6 6. Nge2 c5 7. O-O Nc6 8. d3 a6
9. h3 Rb8 10. a4 Ne8 11. Be3 Nc7 12. d4 cxd4 13. Nxd4 Bd7 14. Nd5 Ne6 15. Nxe6
fxe6 16. Nb6 Be8 17. Rb1 e5 18. b4 Kh8 19. a5 Bf7 20. h4 Be6 21. h5 gxh5 22.
Qxh5 Qe8 23. Qxe8 Rbxe8 24. Nd5 Rc8 25. Rfc1 Bxd5 26. cxd5 Nd4 27. Kf1 Bf6 28.
Bh3 Rb8 29. Bd7 Kg7 30. Rc7 h6 31. Kg2 Bg5 32. Bxg5 hxg5 33. Bg4 b6 34. Rxe7+
Rf7 35. Rxf7+ Kxf7 36. Rc1 bxa5 37. bxa5 Rb7 38. Rc8 Nb3 39. Rc6 Ke7 40. Rxa6
Nc5 41. Ra8 Nxe4 42. a6 Rb2 43. a7 Rxf2+ 44. Kg1 Ra2 45. Rh8 Nf6 46. a8=Q Rxa8
47. Rxa8 Nxg4 48. Ra7+ Kd8 49. Rg7 Nf6 50. Rxg5 Nxd5 51. Kf2 Ke7 52. Kf3 Kf6 53.
Rg8 Kf7 54. Rd8 Ke7 55. Rh8 Kf7 56. Ke4 Ne7 57. Rh6 Ng6 58. Kf5 Ne7+ 59. Kg5 d5
60. Rf6+ Ke8 61. Re6 Kd7 62. Rxe5 Kd6 63. Re1 d4 64. g4 Nd5 65. Kh6 d3 66. g5
Ne7 67. Rd1 1-0

[Event "Sunway Sitges Online Open"]
[Site "chess.com INT"]
[Date "2020.04.22"]
[Round "4.2"]
[White "Shevchenko, Kirill"]
[Black "Reimanis, Ritvars"]
[Result "1-0"]
[WhiteTitle "GM"]
[BlackTitle "FM"]
[WhiteElo "2592"]
[BlackElo "2421"]
[WhiteFideId "14129574"]
[BlackFideId "11602988"]
[EventDate "2020.04.19"]

1. e4 c5 2. Nf3 Nc6 3. Nc3 Nf6 4. Bb5 Qc7 5. O-O Nd4 6. Re1 a6 7. Bf1 d6 8. h3
e6 9. Nxd4 cxd4 10. Ne2 Nxe4 11. Nxd4 Nf6 12. c4 d5 13. cxd5 Nxd5 14. Nf5 g6 15.
Qa4+ Qd7 16. Qd4 Rg8 17. Ne3 Nxe3 18. Qxe3 Bg7 19. d4 Bxd4 20. Qb3 Qc7 21. Re4
Bc5 22. Bf4 Qb6 23. Qc2 Bd7 24. Rc4 Be7 25. Be3 Qa5 26. Rc7 Bd6 27. Rxb7 Rc8 28.
Qd3 Bc6 29. Rb6 1-0

[Event "Sunway Sitges Online Open"]
[Site "chess.com INT"]
[Date "2020.04.22"]
[Round "4.3"]
[White "Vasquez Schroeder, Rodrigo"]
[Black "Nasuta, Grzegorz"]
[Result "1/2-1/2"]
[WhiteTitle "GM"]
[BlackTitle "GM"]
[WhiteElo "2441"]
[BlackElo "2558"]
[WhiteFideId "3400042"]
[BlackFideId "1141686"]
[EventDate "2020.04.19"]

1. e4 e5 2. Nf3 Nc6 3. Bb5 a6 4. Ba4 Nf6 5. O-O Be7 6. Re1 b5 7. Bb3 d6 8. c3
O-O 9. h3 Nb8 10. d4 Nbd7 11. Nbd2 c5 12. Bc2 Qc7 13. Nf1 Bb7 14. d5 c4 15. Ng3
g6 16. Bh6 Rfb8 17. Qd2 a5 18. Rf1 1/2-1/2

[Event "Sunway Sitges Online Open"]
[Site "chess.com INT"]
[Date "2020.04.22"]
[Round "4.4"]
[White "Sindarov, Javokhir"]
[Black "Srihari, L R"]
[Result "1-0"]
[WhiteTitle "GM"]
[BlackTitle "FM"]
[WhiteElo "2557"]
[BlackElo "2414"]
[WhiteFideId "14205483"]
[BlackFideId "46617116"]
[EventDate "2020.04.19"]

1. e4 d6 2. d4 Nf6 3. Nc3 e5 4. Nf3 Nbd7 5. Bc4 Be7 6. O-O O-O 7. a4 c6 8. Re1
Qc7 9. Ba2 b6 10. h3 a6 11. Be3 Bb7 12. Nh4 Rfe8 13. Nf5 Bf8 14. dxe5 Nxe5 15.
Bg5 Nfd7 16. Qh5 Nc5 17. Qh4 b5 18. axb5 axb5 19. b4 Na4 20. Bd2 Nxc3 21. Bxc3
Ng6 22. Qg3 c5 23. bxc5 Qxc5 24. Bd4 Qxc2 25. Bxf7+ Kxf7 26. Rac1 Qa2 27. Rc7+
Kg8 28. Bxg7 Be7 29. Rxb7 Ra3 30. Qxd6 Ra6 31. Qd7 Raa8 32. Bc3 h5 33. Rb6 Kh7
34. Rxg6 Kxg6 35. Nxe7+ Rxe7 36. Qf5+ Kh6 37. Qf6+ Kh7 38. Qxe7+ Qf7 39. Qxf7+
Kh6 40. Qg7# 1-0

[Event "Sunway Sitges Online Open"]
[Site "chess.com INT"]
[Date "2020.04.22"]
[Round "4.5"]
[White "Salinas Herrera, Pablo"]
[Black "Kopylov, Michael"]
[Result "0-1"]
[WhiteTitle "GM"]
[BlackTitle "IM"]
[WhiteElo "2514"]
[BlackElo "2407"]
[WhiteFideId "3407128"]
[BlackFideId "14105080"]
[EventDate "2020.04.19"]

1. Nf3 d5 2. b3 Nf6 3. Bb2 g6 4. c4 dxc4 5. bxc4 Bg7 6. g3 O-O 7. Bg2 c5 8. O-O
Nc6 9. Ne5 Nxe5 10. Bxe5 Ng4 11. Bxg7 Kxg7 12. Qb3 Rb8 13. a4 Qd4 14. d3 Nxf2
15. Qc3 Ng4+ 16. Qxd4+ cxd4 17. Na3 Ne3 18. Rfb1 Nxg2 19. Kxg2 Rd8 20. Rb2 a6
21. Nc2 e5 22. Rab1 Bd7 23. a5 Rdc8 24. Kf2 Rc5 25. Rxb7 Rxb7 26. Rxb7 Bg4 27.
Nb4 Rxa5 28. h3 Bxh3 29. Nc6 Ra1 30. g4 Bxg4 31. Nxe5 Be6 32. Nf3 h5 33. Nxd4
Kf6 34. c5 Rc1 35. c6 h4 36. c7 g5 37. Nf3 h3 38. Ra7 g4 39. Nh2 Kg5 40. Rxa6
Rxc7 41. Nf1 Rc1 42. Ng3 Kh4 43. Rd6 Ra1 44. Rb6 Ra4 45. Ne4 g3+ 46. Kf3 Rxe4
47. dxe4 Bg4+ 48. Ke3 h2 49. Rb1 g2 0-1

[Event "Sunway Sitges Online Open"]
[Site "chess.com INT"]
[Date "2020.04.22"]
[Round "4.6"]
[White "Mehar, Chinna Reddy C.H."]
[Black "Vrolijk, Liam"]
[Result "1/2-1/2"]
[WhiteTitle "IM"]
[BlackTitle "IM"]
[WhiteElo "2422"]
[BlackElo "2502"]
[WhiteFideId "5027420"]
[BlackFideId "1048333"]
[EventDate "2020.04.19"]

1. Nf3 Nf6 2. g3 g6 3. Bg2 Bg7 4. O-O O-O 5. d4 d6 6. a4 a5 7. Nc3 Nbd7 8. e4 e5
9. Re1 Re8 10. dxe5 dxe5 11. b3 c6 12. Ba3 Bf8 13. Bxf8 Kxf8 14. Qd6+ Qe7 15.
Rad1 Kg7 16. Qxe7 Rxe7 17. Bh3 1/2-1/2

[Event "Sunway Sitges Online Open"]
[Site "chess.com INT"]
[Date "2020.04.22"]
[Round "4.7"]
[White "Raahul, V S"]
[Black "Quintiliano Pinto, Renato R."]
[Result "1/2-1/2"]
[BlackTitle "IM"]
[WhiteElo "2259"]
[BlackElo "2469"]
[WhiteFideId "25035525"]
[BlackFideId "2117568"]
[EventDate "2020.04.19"]

1. c4 e6 2. g3 Nf6 3. Bg2 d5 4. Nf3 Be7 5. O-O O-O 6. d4 Nbd7 7. Qc2 c6 8. Nbd2
b6 9. e4 dxc4 10. Nxc4 Bb7 11. Rd1 c5 12. Nfe5 cxd4 13. Rxd4 Qc7 14. Bf4 Nxe5
15. Bxe5 Qc6 16. Qd2 Rfd8 17. Nd6 Bxd6 18. Bxd6 Rac8 19. Rd1 Qc2 20. f3 Ne8 21.
Bf1 Nxd6 22. Qxc2 Rxc2 23. Rxd6 Rxd6 24. Rxd6 g5 25. Rd7 Bc6 26. Rxa7 Rxb2 27.
g4 h6 28. a4 Ra2 29. Ra6 Bxa4 30. Bc4 Ra1+ 31. Kf2 b5 32. Bxb5 Ra2+ 33. Ke3 1/2-1/2

[Event "Sunway Sitges Online Open"]
[Site "chess.com INT"]
[Date "2020.04.22"]
[Round "4.8"]
[White "Adly, Ahmed"]
[Black "Rudovskii, Filipp"]
[Result "1-0"]
[WhiteTitle "GM"]
[WhiteElo "2615"]
[BlackElo "2158"]
[WhiteFideId "10601619"]
[BlackFideId "54121299"]
[EventDate "2020.04.19"]

1. Nf3 Nf6 2. g3 g6 3. Bg2 Bg7 4. c4 O-O 5. d4 d5 6. cxd5 Nxd5 7. O-O Nc6 8. e4
Nb6 9. d5 Na5 10. Qc2 c6 11. dxc6 Nxc6 12. Rd1 Qe8 13. h3 Be6 14. Nc3 Nb4 15.
Qb1 Rd8 16. a3 1-0

[Event "Sunway Sitges Online Open"]
[Site "chess.com INT"]
[Date "2020.04.22"]
[Round "4.9"]
[White "Mezentsev, Ivan"]
[Black "Thybo, Jesper Sondergaard"]
[Result "1/2-1/2"]
[WhiteTitle "FM"]
[BlackTitle "GM"]
[WhiteElo "2354"]
[BlackElo "2590"]
[WhiteFideId "13706195"]
[BlackFideId "1438832"]
[EventDate "2020.04.19"]

1. Nf3 c5 2. c4 Nc6 3. Nc3 g6 4. e3 Bg7 5. d4 d6 6. Be2 Nf6 7. O-O O-O 8. d5 Na5
9. Bd2 Bg4 10. b3 a6 11. h3 Bxf3 12. Bxf3 Rb8 13. a4 Bh6 14. Rb1 e5 15. dxe6
fxe6 16. Ne4 Nc6 17. Bc3 Ne8 18. Qe2 Qe7 19. Rbd1 Bg7 20. Bxg7 Kxg7 21. Qb2+ Kg8
22. Rd2 Rd8 23. Rfd1 Nb4 24. Qc3 a5 25. Ng3 b6 26. Ne2 Ng7 27. Nf4 Nf5 28. Bg4
Nc6 29. Bxf5 Rxf5 30. Ne2 Nb4 31. e4 Rf7 32. Qg3 e5 33. Nc3 Rf6 1/2-1/2

[Event "Sunway Sitges Online Open"]
[Site "chess.com INT"]
[Date "2020.04.22"]
[Round "4.10"]
[White "Moroni, Luca Jr"]
[Black "Dudin, Gleb"]
[Result "0-1"]
[WhiteTitle "GM"]
[BlackTitle "FM"]
[WhiteElo "2530"]
[BlackElo "2387"]
[WhiteFideId "865834"]
[BlackFideId "34184934"]
[EventDate "2020.04.19"]

1. d4 d5 2. c4 c6 3. Nf3 Nf6 4. e3 Bf5 5. Nc3 e6 6. Nh4 Bg6 7. Be2 Nbd7 8. O-O
Bd6 9. c5 Bc7 10. g3 b5 11. Nxg6 hxg6 12. f4 Ne4 13. Nxe4 dxe4 14. a4 a6 15. Bd2
f5 16. Qb3 Kf7 17. Ra3 Nxc5 18. Qc2 Nxa4 19. Qxc6 Qd6 20. Rc1 Rhc8 21. Ra2 Qxc6
22. Rxc6 Bxf4 23. Rxc8 Rxc8 24. Bd1 Bg5 25. Kf2 Be7 26. Bb3 Bd6 27. Kf1 Ke7 28.
Kf2 g5 29. Kf1 g4 30. Kf2 g5 31. Kg1 e5 32. dxe5 Bxe5 33. Bxa4 bxa4 34. Rxa4
Bxb2 35. Rxa6 Rc2 36. Bb4+ Kf7 37. Ra7+ Ke6 38. Ra6+ Kd5 39. Ra5+ Ke6 40. Ra6+
Kd7 41. Ra7+ Kc6 42. Ra5 f4 43. gxf4 gxf4 44. exf4 Bd4+ 45. Kf1 Rb2 46. Be1 e3
47. Rg5 Rxh2 48. Ba5 g3 49. f5 e2+ 50. Ke1 g2 0-1

[Event "Sunway Sitges Online Open"]
[Site "chess.com INT"]
[Date "2020.04.23"]
[Round "5.1"]
[White "Kopylov, Michael"]
[Black "Bachmann, Axel"]
[Result "1/2-1/2"]
[WhiteTitle "IM"]
[BlackTitle "GM"]
[WhiteElo "2407"]
[BlackElo "2599"]
[WhiteFideId "14105080"]
[BlackFideId "3700488"]
[EventDate "2020.04.19"]

1. d4 Nf6 2. c4 e6 3. g3 Bb4+ 4. Bd2 a5 5. Bg2 d6 6. Nf3 Nbd7 7. O-O e5 8. dxe5
dxe5 9. Nc3 c6 10. Qc2 O-O 11. Rfd1 Re8 12. Ng5 Qc7 13. Nge4 Nxe4 14. Nxe4 Bf8
15. Bc3 f5 16. Nd2 e4 17. Nf1 Ne5 18. b3 a4 19. Qb2 Bc5 20. Bd4 Bxd4 21. Rxd4
axb3 22. axb3 Rxa1 23. Qxa1 Be6 24. Ne3 b5 25. Qc3 b4 26. Qa1 c5 27. Nd5 Qb7 28.
Rd2 Nc6 29. e3 Ra8 30. Qd1 Qb8 31. f3 Qe5 32. f4 Qa1 33. Nc7 Qxd1+ 34. Rxd1 Rd8
35. Rxd8+ Nxd8 36. g4 g6 37. gxf5 gxf5 38. Nxe6 Nxe6 39. Bh3 Ng7 40. Kf2 Kf7 41.
Kg3 Kg6 42. Bf1 Nh5+ 1/2-1/2

[Event "Sunway Sitges Online Open"]
[Site "chess.com INT"]
[Date "2020.04.23"]
[Round "5.2"]
[White "Shevchenko, Kirill"]
[Black "Sindarov, Javokhir"]
[Result "1/2-1/2"]
[WhiteTitle "GM"]
[BlackTitle "GM"]
[WhiteElo "2592"]
[BlackElo "2557"]
[WhiteFideId "14129574"]
[BlackFideId "14205483"]
[EventDate "2020.04.19"]

1. e4 e5 2. Nf3 Nc6 3. Bb5 a6 4. Ba4 Nf6 5. O-O Be7 6. Re1 b5 7. Bb3 d6 8. c3
O-O 9. h3 Bb7 10. d4 Re8 11. Nbd2 Bf8 12. a3 h6 13. Bc2 Nb8 14. a4 Nbd7 15. Bd3
d5 16. axb5 dxe4 17. Nxe4 Bxe4 18. Bxe4 Nxe4 19. Rxe4 axb5 20. Rxa8 Qxa8 21. Qe2
f5 22. Re3 e4 23. Qxb5 f4 24. Rxe4 Qxe4 25. Qxd7 1/2-1/2

[Event "Sunway Sitges Online Open"]
[Site "chess.com INT"]
[Date "2020.04.23"]
[Round "5.3"]
[White "Dudin, Gleb"]
[Black "Adly, Ahmed"]
[Result "0-1"]
[WhiteTitle "FM"]
[BlackTitle "GM"]
[WhiteElo "2387"]
[BlackElo "2615"]
[WhiteFideId "34184934"]
[BlackFideId "10601619"]
[EventDate "2020.04.19"]

1. c4 e6 2. Nc3 d5 3. d4 Nf6 4. Nf3 Be7 5. Bf4 O-O 6. e3 c5 7. dxc5 Bxc5 8. a3
Nc6 9. cxd5 exd5 10. Be2 a6 11. O-O h6 12. Ne5 Re8 13. Nxc6 bxc6 14. Rc1 Ba7 15.
Na4 Re6 16. Nc5 Bxc5 17. Rxc5 Ne4 18. Rc1 a5 19. Qd4 Ba6 20. Bxa6 Rxa6 21. Rc2
a4 22. Rfc1 Qe8 23. Qb4 Qa8 24. Bc7 Qa7 25. Qb8+ Qxb8 26. Bxb8 Nf6 27. f3 Rxe3
28. Rxc6 Rxc6 29. Rxc6 Re2 30. Ba7 Nh5 31. Bd4 Nf4 32. Kf1 Rd2 33. Be3 Rd1+ 34.
Kf2 Ne6 35. Rd6 Rb1 36. Rxd5 Rxb2+ 37. Rd2 Rb3 38. Ra2 f5 39. Bd2 Kf7 40. Bb4
Nf4 41. Bd6 Nd3+ 42. Kg3 Ke6 43. Bf8 f4+ 44. Kh3 Kf7 45. Bd6 g5 46. g3 Ke6 47.
Bf8 h5 48. Rd2 Kf5 49. Bd6 g4+ 50. Kg2 gxf3+ 51. Kxf3 Nc5+ 52. Kg2 f3+ 53. Kh3
Ne4 54. Rd4 f2 55. Kg2 Rb1 0-1

[Event "Sunway Sitges Online Open"]
[Site "chess.com INT"]
[Date "2020.04.23"]
[Round "5.4"]
[White "Nasuta, Grzegorz"]
[Black "Mehar, Chinna Reddy C.H."]
[Result "0-1"]
[WhiteTitle "GM"]
[BlackTitle "IM"]
[WhiteElo "2558"]
[BlackElo "2422"]
[WhiteFideId "1141686"]
[BlackFideId "5027420"]
[EventDate "2020.04.19"]

1. e4 c5 2. Nf3 d6 3. d4 cxd4 4. Nxd4 Nf6 5. Nc3 Nc6 6. Bc4 Qb6 7. Nb3 e6 8. Bf4
Ne5 9. Be2 a6 10. Be3 Qc7 11. f4 Nc4 12. Bxc4 Qxc4 13. Qf3 Qc7 14. g4 b5 15. a3
Bb7 16. g5 Nd7 17. O-O-O Rc8 18. Qf2 Nc5 19. Nxc5 dxc5 20. f5 b4 21. Bf4 e5 22.
Nd5 Bxd5 23. Bxe5 Qxe5 24. exd5 Qd6 25. Rhe1+ Kd8 26. Re6 Qd7 27. axb4 Bd6 28.
f6 g6 29. Rde1 fxe6 30. dxe6 Qc6 31. e7+ Kd7 32. Qe2 Qd5 33. Qxa6 Ra8 34. Qb5+
Qc6 35. Qxc6+ Kxc6 36. b5+ Kxb5 37. Re6 Bf4+ 38. Kd1 Bxg5 39. f7 Bxe7 0-1

[Event "Sunway Sitges Online Open"]
[Site "chess.com INT"]
[Date "2020.04.23"]
[Round "5.5"]
[White "Vrolijk, Liam"]
[Black "Rakotomaharo, Fy Antenaina"]
[Result "1/2-1/2"]
[WhiteTitle "IM"]
[BlackTitle "IM"]
[WhiteElo "2502"]
[BlackElo "2422"]
[WhiteFideId "1048333"]
[BlackFideId "13100050"]
[EventDate "2020.04.19"]

1. Nf3 Nf6 2. c4 g6 3. Nc3 d5 4. cxd5 Nxd5 5. h4 Bg7 6. e4 Nxc3 7. dxc3 Qxd1+ 8.
Kxd1 Nd7 9. h5 b6 10. Be3 Bb7 11. Nd2 O-O-O 12. Kc2 f5 13. f3 e5 14. h6 Bf6 15.
exf5 gxf5 16. Rh5 Bd5 17. Rxf5 Bf7 18. g3 Bg6 19. Bh3 Kb7 20. Ne4 Be7 21. Rd1
Bxf5 22. Bxf5 Nf8 23. Rxd8 Bxd8 24. Ng5 Rg8 25. Nf7 Bf6 26. g4 Kc6 27. Kd3 Ng6
28. Ke4 Rf8 29. Ng5 Bxg5 30. Bxg5 Kd6 31. c4 Rf7 32. b4 c5 33. b5 Ne7 34. Bxe7+
Rxe7 35. g5 Rf7 36. a4 Rc7 37. f4 exf4 38. Kxf4 Rf7 39. Kg4 Ke7 40. Be4 Kf8 41.
Kh5 Re7 42. Bd5 Re1 43. Kg4 Rf1 44. Be6 Rf2 45. Bd5 1/2-1/2

[Event "Sunway Sitges Online Open"]
[Site "chess.com INT"]
[Date "2020.04.23"]
[Round "5.6"]
[White "Quintiliano Pinto, Renato R."]
[Black "Espinoza Palomino, Willyam"]
[Result "0-1"]
[WhiteTitle "IM"]
[BlackTitle "IM"]
[WhiteElo "2469"]
[BlackElo "2400"]
[WhiteFideId "2117568"]
[BlackFideId "3804852"]
[EventDate "2020.04.19"]

1. Nf3 Nf6 2. c4 c6 3. Nc3 d5 4. d4 e6 5. Bg5 h6 6. Bh4 dxc4 7. e4 g5 8. Bg3 b5
9. Be2 Bb7 10. h4 g4 11. Ne5 Nbd7 12. O-O Nxe5 13. Bxe5 Rg8 14. g3 Nd7 15. Bf4
e5 16. dxe5 Nc5 17. Qc1 Ne6 18. Bxh6 Bc5 19. Be3 Nd4 20. Bxd4 Bxd4 21. Rd1 Qb6
22. Qf4 Rd8 23. Bxg4 Bxf2+ 24. Kg2 Bxg3 25. Qxg3 Bc8 26. Rxd8+ Qxd8 27. Rd1 Rxg4
28. Rxd8+ Kxd8 29. h5 Ke7 30. h6 Kf8 31. Qxg4 Bxg4 32. Kg3 Be6 33. Ne2 b4 34.
Kf2 c5 35. Ng3 Kg8 36. Nf5 c3 37. bxc3 Bxa2 38. cxb4 cxb4 39. Nd6 Kh7 40. Ke3
Kxh6 41. Kd4 Be6 42. Nb7 Kg5 43. Na5 b3 44. Kc3 Kf4 45. Nc6 a6 0-1